Pirates of the Caribbean - Characters by Picture - Statistics

General Stats
  • This quiz has been taken 130 times
  • The average score is 19 of 52
Answer Stats
Picture Answer % Correct
Captain Jack Sparrow
100%
Hector Barbossa
96%
William 'Will' Turner Jr.
96%
Davy Jones
90%
Elizabeth Swann
89%
William 'Bootstrap Bill' Turner Sr.
83%
Blackbeard
80%
Joshamee Gibbs
76%
Jack
67%
James Norrington
67%
Captain Armando Salazar
65%
Lord Cutler Beckett
55%
Sao Feng
53%
Tia Dalma
52%
Angelica
50%
Cotton
48%
Ragetti
46%
Pintel
45%
Henry Turner
44%
Carina Smyth
40%
Marty
39%
King George II
37%
Governor Weatherby Swann
32%
Captain Edward Teague
30%
Syrena
30%
Anamaria
29%
Scrum
28%
Philip Swift
26%
Scarlett
26%
Mullroy
25%
Ian Mercer
24%
Mistress Ching
24%
Giselle
23%
Murtogg
22%
Uncle Jack
22%
Lieutenant Gillette
16%
Lt. Cdr. Theodore Groves
15%
Captain Jocard
14%
The Spaniard
14%
Tai Huang
13%
Captain Ammand
11%
Captain Chevalle
11%
Shansa
10%
Koehler
8%
Captain Bellamy
7%
Lt. John Scarfield
6%
King Ferdinand VI
4%
Askay / Pusasn
3%
Grapple
3%
Mayor Dix
2%
Lord John Carteret
1%
P.M. Henry Pelham
1%
No matching quizzes found
Score Distribution
Percent of People with Each Score
Percentile by Number Answered
Your Score History
You have not taken this quiz